MARC details
| 000 -LEADER |
| fixed length control field |
01228nam a2200373 a 4500 |
| 001 - CONTROL NUMBER |
| control field |
vtls000354496 |
| 003 - CONTROL NUMBER IDENTIFIER |
| control field |
NLI |
| 005 - DATE AND TIME OF LATEST TRANSACTION |
| control field |
20250312153754.0 |
| 008 - FIXED-LENGTH DATA ELEMENTS--GENERAL INFORMATION |
| fixed length control field |
110113s2008 ii e 001 0 eng d |
| 020 ## - INTERNATIONAL STANDARD BOOK NUMBER |
| International Standard Book Number |
9780195696998 |
| Terms of availability |
Rs.795.00 |
| 040 ## - CATALOGING SOURCE |
| Original cataloging agency |
NLI : |
| Language of cataloging |
eng |
| Transcribing agency |
NLMARC21 |
| 041 0# - LANGUAGE CODE |
| Language code of text/sound track or separate title |
eng |
| 044 ## - COUNTRY OF PUBLISHING/PRODUCING ENTITY CODE |
| MARC country code |
ii |
| 082 04 - DEWEY DECIMAL CLASSIFICATION NUMBER |
| Edition number |
22nd ed. |
| Classification number |
342.5402 |
| Item number |
C 441 |
| 100 1# - MAIN ENTRY--PERSONAL NAME |
| Personal name |
Chinnappa Reddy, O. |
| Fuller form of name |
Ontethupalli |
| 9 (RLIN) |
527372 |
| 245 14 - TITLE STATEMENT |
| Title |
The court and the constitution of India : |
| Remainder of title |
summits and shallows/ |
| Statement of responsibility, etc. |
O. Chinnappa Reddy; with a foreword by Upendra Baxi and an introduction by A. S. Anand |
| 260 ## - PUBLICATION, DISTRIBUTION, ETC. |
| Place of publication, distribution, etc. |
New Delhi : |
| Name of publisher, distributor, etc. |
Oxford University Press, |
| Date of publication, distribution, etc. |
2008 |
| 300 ## - PHYSICAL DESCRIPTION |
| Extent |
li, 337 p.; |
| Dimensions |
22 cm. |
| 500 ## - GENERAL NOTE |
| General note |
Library has 2 cops. |
| 504 ## - BIBLIOGRAPHY, ETC. NOTE |
| Bibliography, etc. note |
Includes bibliographical references and index |
| 610 10 - SUBJECT ADDED ENTRY--CORPORATE NAME |
| Corporate name or jurisdiction name as entry element |
India |
| Subordinate unit |
Supreme Court |
| 9 (RLIN) |
1601387 |
| 610 10 - SUBJECT ADDED ENTRY--CORPORATE NAME |
| Corporate name or jurisdiction name as entry element |
India |
| Title of a work |
Constitution |
| 9 (RLIN) |
381629 |
| 650 #0 - SUBJECT ADDED ENTRY--TOPICAL TERM |
| Topical term or geographic name entry element |
Judicial power |
| Geographic subdivision |
India |
| 9 (RLIN) |
9701 |
| 650 #0 - SUBJECT ADDED ENTRY--TOPICAL TERM |
| Topical term or geographic name entry element |
Courts |
| Geographic subdivision |
India |
| 9 (RLIN) |
387259 |
| 650 #0 - SUBJECT ADDED ENTRY--TOPICAL TERM |
| Topical term or geographic name entry element |
Justice, Administration of |
| Geographic subdivision |
India |
| 9 (RLIN) |
5641 |
| 887 ## - NON-MARC INFORMATION FIELD |
| Content of non-MARC field |
Santanu Chanda |
| 887 ## - NON-MARC INFORMATION FIELD |
| Content of non-MARC field |
Atanu Mitra 21 |
| 901 ## - LOCAL DATA ELEMENT A, LDA (RLIN) |
| a |
DB107920 |
| b |
13.1.09 |
| 902 ## - LOCAL DATA ELEMENT B, LDB (RLIN) |
| a |
E 342.5402 C 441 |
| 904 ## - LOCAL DATA ELEMENT D, LDD (RLIN) |
| a |
Santanu Chanda |
| 942 ## - ADDED ENTRY ELEMENTS (KOHA) |
| Source of classification or shelving scheme |
Dewey Decimal Classification |
| Koha item type |
Books |
| 949 ## - LOCAL PROCESSING INFORMATION (OCLC) |
| 6 |
DBA000107920ENG |